Subudh hindi vyakaran (Record no. 7074)

MARC details
000 -LEADER
fixed length control field 00499cam a2200205ua 4500
001 - CONTROL NUMBER
control field 7960
005 - DATE AND TIME OF LATEST TRANSACTION
control field 20260515114256.0
008 - FIXED-LENGTH DATA ELEMENTS--GENERAL INFORMATION
fixed length control field 150102n ii |||gr||||Z||||||hin
040 ## - CATALOGING SOURCE
Transcribing agency MAIN
041 ## - LANGUAGE CODE
Language code of text/sound track or separate title hin
082 ## - DEWEY DECIMAL CLASSIFICATION NUMBER
Classification number 891.4382
100 ## - MAIN ENTRY--PERSONAL NAME
Personal name Rai, S.,
Relator term Author.
245 1# - TITLE STATEMENT
Title Subudh hindi vyakaran
Statement of responsibility, etc. By SInhashan Rai
250 ## - EDITION STATEMENT
Edition statement 1st.
260 ## - PUBLICATION, DISTRIBUTION, ETC.
Place of publication, distribution, etc. Kolkatta:
Name of publisher, distributor, etc. Adarsh,
Date of publication, distribution, etc. 1984.
300 ## - PHYSICAL DESCRIPTION
Extent xv,216p.
653 ## - INDEX TERM--UNCONTROLLED
Uncontrolled term East Indo-European & Celtic literatures
653 ## - INDEX TERM--UNCONTROLLED
Uncontrolled term Hindi Grammar
942 ## - ADDED ENTRY ELEMENTS (KOHA)
Koha item type Books
Holdings
Withdrawn status Lost status Damaged status Not for loan Home library Current library Shelving location Date acquired Total checkouts Full call number Barcode Date last seen Copy number Price effective from Koha item type
        Naharkatiya College Library Naharkatiya College Library General stacks 09/19/2020   891.4382 | RAI 6565 09/19/2020 1 09/19/2020 Books